00897cam a22002651 4500001001300000003000400013005001700017008004100034010001700075035001900092040004900111042001200160050002600172051001600198082001400214100003500228245003000263260002400293300002200317410005200339501016700391504002800558650002800586999001700614e 47000038 DLC20260227111233.0800131s1947 dcu b f000 0 eng c ae 47000038  a(OCoLC)5933315 aU. S. Office of Education LibrarycMChBdDLC apremarc00aL111b.A6 1947, no. 3 aLA471b.E22 a370.972841 aEbaugh, Cameron Duncan,d1893-00aEducation in El Salvador. a[Washington,c1947] avi, 81 p.c23 cm.10aU.S. Office of Education. Bulletin 1947,vno. 3 aCopies 1 and 2 of L111.A6 with: Education in Ecuador / Cameron Duncan Ebaugh. Washington : Govt. Print. Off., 1947. Bound together subsequent to publication.5DLC aBibliography: p. 80-81. 0aEducationzEl Salvador. c22069d22069